000 01284cam a2200265 i 4500
003 SA-RiAUC
005 20250407074138.0
008 250327s1995 su a f b 000r0 ara c
040 _aSA-RiAUC
_bara
_cSA-RiAUC
_erda
043 _aa-su---
082 0 4 _a016.91
090 _a016.91
_bهـ ا ج
100 1 _aالهاجري، فريال محمد مبارك،
_d1384 هجري-
_eمؤلف.
245 1 0 _aدليل رسائل الماجستير والدكتوراه الجغرافية في المملكة العربية السعودية خلال الفترة الممتدة بين عامي 1400-1413 هـ. /
_cفريال محمد مبارك الهاجري.
264 1 _aالرياض :
_bمكتبة الملك فهد الوطنية،
_c1994
300 _a81 صفحة :
_bإيضاحيات ؛
_c24 سم.
336 _aنص
_btxt
_2rdacontent
_3كتاب
337 _aبدون وسيط
_bn
_2rdamedia
338 _aمجلد
_bnc
_2rdacarrier
440 0 _aمطبوعات مكتبة الملك فهد الوطنية.
_nالسلسلة الثانية
_v15
650 7 _aالجغرافيا
_vببليوجرافيات
_2aucsh
650 7 _aالرسائل الجامعية
_zالسعودية
_vببليوجرافيات
_2aucsh
942 _2ddc
_cBOOK
_n0
949 _aSA-JeALM
_d250327
_umohamedma123
_n1
999 _c6733
_d6733